| 000 | 00684cab a2200217 4500 | ||
|---|---|---|---|
| 001 | ABS37328 | ||
| 008 | 090401t1987 xxu||||| |||| 00| 0 eng d | ||
| 035 | _a(Sirsi) u3740 | ||
| 041 | _aeng | ||
| 100 | _aCornes, D. | ||
| 245 | _aPru powers ahead | ||
| 260 | _c1987 | ||
| 350 | _a0 | ||
| 490 |
_aChartered Surveyor Weekly _v18(1) 1/8 January 1987,20(1) |
||
| 520 | _aIn the revised CSW League of House Agents with Hambro Countrywide PLC remaining in first position followed by Prudential Property Services . | ||
| 650 | _aESTATE AGENCY | ||
| 650 | _aRESIDENTIAL AGENCY | ||
| 690 | _aMANAGEMENT-BUSINESS MANAGEMENT-PROFESSIONAL PRACTICE | ||
| 942 | _n0 | ||
| 948 | _c04/03/1997 | ||
| 999 |
_c2282 _d2282 |
||